A közművelődés tennivalói a kulturált életért
Elmentve itt :
| Szerző: | |
|---|---|
| Testületi szerző: | |
| Dokumentumtípus: | Könyv része |
| Megjelent: |
1984
|
| Sorozat: | Szegedi Nyári Egyetem : művelődéselmélet
13 Közművelődés és szabadidő : összeállítás a TIT Szegedi 13. Művelődéselméleti Nyári Egyetemén elhangzott előadásokból 13 |
| Kulcsszavak: | Életmód és közművelődés - szocialista, Egészségnevelés, Szabadidő felhasználás - művelődés, Kultúra és magatartás |
| Tárgyszavak: | |
| Online Access: | http://acta.bibl.u-szeged.hu/44984 |
| LEADER | 01099naa a2200241 i 4500 | ||
|---|---|---|---|
| 001 | acta44984 | ||
| 005 | 20220128123729.0 | ||
| 008 | 170707s1984 hu o 0|| hun d | ||
| 020 | |a 963 01 6310 1 | ||
| 022 | |a 0139-4118 | ||
| 040 | |a SZTE Egyetemi Kiadványok Repozitórium |b hun | ||
| 041 | |a hun | ||
| 100 | 1 | |a Kormos Sándor | |
| 245 | 1 | 2 | |a A közművelődés tennivalói a kulturált életért |h [elektronikus dokumentum] / |c Kormos Sándor |
| 260 | |c 1984 | ||
| 300 | |a 145-156 | ||
| 490 | 0 | |a Szegedi Nyári Egyetem : művelődéselmélet |v 13 | |
| 490 | 0 | |a Közművelődés és szabadidő : összeállítás a TIT Szegedi 13. Művelődéselméleti Nyári Egyetemén elhangzott előadásokból |v 13 | |
| 650 | 4 | |a Társadalomtudományok | |
| 650 | 4 | |a Szociológia | |
| 695 | |a Életmód és közművelődés - szocialista, Egészségnevelés, Szabadidő felhasználás - művelődés, Kultúra és magatartás | ||
| 710 | |a TIT Szegedi Művelődéselméleti Nyári Egyetem (13.) (1984) (Szeged) | ||
| 856 | 4 | 0 | |u http://acta.bibl.u-szeged.hu/44984/1/sznye_muveledoselmelet_013_145-156.pdf |z Dokumentum-elérés |